Los principios generales del Derecho y su formulación constitucional.
Na minha lista:
| Autor principal: | |
|---|---|
| Formato: | Livro |
| Idioma: | espanhol |
| Publicado em: |
Madrid, España:
Civitas,
1990.
|
| Edição: | Primera edición. |
| Colecção: | Cuadernos Civitas.
|
| Assuntos: | |
| Tags: |
Adicionar Tag
Sem tags, seja o primeiro a adicionar uma tag!
|
MARC
| LEADER | 00000nam a2200000 a 4500 | ||
|---|---|---|---|
| 001 | UCR3727 | ||
| 003 | CL-VaPUC | ||
| 005 | 20220822114337.0 | ||
| 008 | 980130e19900000SP |||||||||||||||||spa|d | ||
| 999 | |c 266765 |d 266763 | ||
| 020 | |a 84-7398-752-7 | ||
| 040 | |c Pontificia Universidad Católica de Valparaíso | ||
| 082 | 0 | 4 | |a 342.46 ARC 1990 |2 21 |
| 100 | 0 | |a Arce y Flórez Valdés, Joaquín |e autor |9 402962 | |
| 245 | 1 | 4 | |a Los principios generales del Derecho y su formulación constitucional. |
| 250 | |a Primera edición. | ||
| 260 | |a Madrid, España: |b Civitas, |c 1990. | ||
| 300 | |a 163 páginas. | ||
| 490 | 0 | |a Cuadernos Civitas. | |
| 500 | |a c.2 Donación Familia Prof. Alejandro Guzmán Brito. | ||
| 583 | |a last modification |c 20131001 12:37:16 |k Rodrigo Vera | ||
| 650 | 0 | |a Derecho constitucional |9 222588 | |
| 650 | 0 | |a Historia constitucional |9 256052 | |
| 650 | 0 | |a Derecho civil |9 255013 | |
| 650 | 0 | |a Libertad |9 255686 | |
| 650 | 0 | |a Igualdad ante la ley |2 CL-VaPUC |9 382454 | |
| 651 | 0 | |a España |9 254926 | |
| 942 | |c BK |2 ddc |n 0 | ||
| 945 | |d 19980130 00:00:00 |a jquezada | ||
| 952 | |0 0 |1 0 |4 0 |6 342_460000000000000_ARC_1990 |7 0 |8 A |9 298656 |a BIBDER |b BIBDER |d 2019-11-20 |i 3386023 |l 1 |o 342.46 ARC 1990 |p 3386023 |q 2025-05-12 |r 2025-04-09 |s 2025-04-09 |w 2019-11-20 |y BK |k DER | ||